000 01065nam a22002057a 4500
003 OSt
005 20250929133646.0
008 250911b |||||||| |||| 00| 0 eng d
040 _cDCL
082 _a၂၉၄.၃၀၃
100 0 _aဉာဏဝရ၊
_cဦး၊ ဒေါက်တာ-
245 1 0 _aဗုဒ္ဓဘာသာဝေါဟာရ မြန်မာ-အင်္ဂလိပ် စွယ်စုံအဘိဓာန်=Myanmar- English Encyclopedic Dictionary of Buddhist Terms /
_cဦးဉာဏဝရ။
250 _aတတိယအကြိမ်။
260 _aရန်ကုန် ၊
_bသင်းစာပေ၊
_c၂၀၁၅။
300 _a၇၆၇ စာမျက်နှာ ၊
_c၂၇ စင်တီ။
650 _aဗုဒ္ဂဘာသာ
_xအဘိဓာန်
650 _aပါဠိဘာသာစကား
_xအဘိဓာန်
_vအင်္ဂလိပ်
650 _aပါဠိဘာသာစကား
_xအဘိဓာန်
_vမြန်မာ
942 _2ddc
_cREF
_n0
999 _c2220
_d2220